000 00588nam a2200193 a 4500
001 000005025
005 20240307073944.0
008 090729s1978 dr a 000 0 spa d
040 _aDO-SdBNP
_bspa
_cBNPHU
082 _axxxx
_bS181c
245 0 0 _aSalud comunidad y cobertura.
260 _aSanto Domingo :
_bUASD,
_c1978.
300 _a121 p. :
_bil. ;
_c21 cm.
490 1 _aNides
504 _aIncluye referencias bibliográficas y notas al pie de las páginas
504 _aIncluye bibliografías
710 1 _aUniversidad Autónoma de Santo Domingo
_972951
830 0 _aNides
_914477
999 _c4830
_d4830